How Much Do You Know about Kansas City? - Statistics

General Stats
  • This quiz has been taken 245 times
  • The average score is 13 of 23
Answer Stats
Hint Answer % Correct
Kansas City is the largest city in which state? Missouri
97%
What is KC’s National Football League team called? Kansas City Chiefs
92%
Which Major League Baseball team won the 2015 World Series? Kansas City Royals
92%
KC is known for steaks and which other food? Barbecue
85%
In which stadium do they play? Arrowhead Stadium
83%
KC sits on the edge of ___ Alley, a region of powerful storms Tornado
81%
KC is at the confluence of two rivers, the Missouri and the ? Kansas River
79%
Crown Center is the headquarters of which greeting card company? Hallmark
78%
Three major western trails began in KC. Name the longest. The Oregon Trail
70%
KC is known for having the second-most of these in the world (after Rome) Fountains
69%
What is KC’s Major League Soccer team called? Sporting Kansas City
69%
Which nearby town was the home of President Harry S. Truman? Independence
57%
UMKC’s mascot Kasey Kangaroo
57%
What was the soccer team’s name from 1997-2011? Wizards
45%
Who started the Laugh-O-Gram animation studio in KC after WW I? Walt Disney
41%
Name the trail which went southwest The Santa Fe Trail
37%
Which religious group built the first school in the area? The Mormons
29%
Name the trail which branched from ^ The California Trail
27%
This actor from Hotel Rwanda and Crash was born in KC Don Cheadle
26%
What was occurring on the Hyatt Regency walkway when it collapsed in 1981 killing 114 people? Tea Dance
23%
Whose political machine launched Truman’s career? Thomas Joseph Pendergast
20%
KC is known for having the second-most of these in the world (after Paris) Boulevards
18%
Surname of Quantrill Raider “Bloody Bill” whose sister died in a KC Confederate prison collapse Anderson
8%
No matching quizzes found
Score Distribution
Percent of People with Each Score
Percentile by Number Answered
Your Score History
You have not taken this quiz